000 01104nam a2200325 i 4500
001 000013957
003 DO-SdBNP
005 20250131113826.0
007 ta
008 091202s2003 pr 000 j spa d
020 _a1932271155
040 _aDO-SdBNP
_bspa
_cBNPHU
_erda
041 _aspa
082 4 _aPR863.44
_bZ61p
_222
100 1 _aZeta, Carmen
_931621
_eautora
_4aut.
245 1 0 _aPública intimidad :
_brelatos /
_cCarmen Zeta ; prólogo Félix Córdova Iturregui.
264 4 _aSan Juan, Puerto Rico :
_bEditorial Isla Negra,
_c©2003.
300 _a62 páginas ;
_c22 cm.
336 _atexto
_btxt
_2rdacontent
337 _asin mediación
_bn
_2rdamedia
338 _avolumen
_bnc
_2rdacarrier
490 0 _aEl rostro y la máscara
500 _aIncluye datos biográficos de la autora en la solapa de la cubierta.
590 _aInventariado, 2020/VM
650 4 _aCuentos puertorriqueña
_931622
650 4 _aLiteratura puertorriqueña
_9250
700 1 2 _aCórdova Iturregui, Félix,
_eprologuista
_4pr.
_912605
910 _aValidado. Control de calidad MFF
942 _2ddc
_cLBS1
999 _c13561
_d13561